| 000 | 01473cam a2200397Ka 4500 | ||
|---|---|---|---|
| 999 |
_c375 _d375 |
||
| 001 | 892687719 | ||
| 003 | OCoLC | ||
| 005 | 20190808084121.0 | ||
| 008 | 141009s2014 maua 6 000 f eng d | ||
| 020 | _a9780547617893 | ||
| 020 | _a0547617895 | ||
| 035 | _a(OCoLC)892687719 | ||
| 040 |
_aATWFP _cATWFP _dNYP |
||
| 049 | _aNYPP | ||
| 082 | _aFIC INZ | ||
| 091 | _aGN FIC | ||
| 100 | 1 |
_aInzana, Ryan. _eauthor & illustrator |
|
| 245 | 1 | 0 |
_aIchiro / _cwritten & illustrated by Ryan Inzana. |
| 260 |
_aBoston : _bHoughton Mifflin Harcourt Publishing, _c2012. |
||
| 300 |
_a[288] p. : _bchiefly col. ill. ; _c26 cm. |
||
| 520 | 8 | _aThis striking, full-color graphic novel follows Ichiro as he moves from New York to Japan where a shapeshifting tanuki brings him on a fantastic adventure into the mythological world of Japanese gods. This journey brings him closer to his Japanese roots, and to understanding the nature of good and evil, war and peace, gods and men. | |
| 650 | 0 |
_aJapanese Americans _vFiction. |
|
| 650 | 0 |
_aMonsters _vFiction. |
|
| 650 | 0 |
_aJapanese Americans _vComic books, strips, etc. |
|
| 650 | 0 |
_aMonsters _vComic books, strips, etc. |
|
| 651 | 0 |
_aJapan _vFiction. |
|
| 651 | 0 |
_aJapan _vComic books, strips, etc. |
|
| 655 | 7 |
_aGraphic novels. _2lcgft. |
|
| 655 | 7 |
_aFantasy comics. _2lcgft. |
|
| 655 | 7 |
_aFantasy fiction. _2lcgft. |
|
| 901 |
_ansn _bCATBL |
||
| 901 | _aMARS | ||
| 942 |
_2ddc _cFIC |
||
| 945 | _a.b202826065 | ||
| 946 | _am | ||